000 01150 a2200157 4500
003 OSt
005 20260204161509.0
008 260204b |||||||| |||| 00| 0 eng d
020 _a9788194338840
100 _aभावे एस
_9216613
245 _aरामाच्या पदचिन्हांवरून पुष्पक विमानाने पंख पसरले
260 _bभारतीय विचार साधना प्रकाशन
_c2024
_aपुणे
300 _a40pp.
520 _aवाल्मिकी रामायणामध्ये प्रभू रामचंद्रांनी सीतामाईसह लंका ते अयोध्या प्रवास 'पुष्पक' विमानाने केल्याचे वर्णन 123 व्या सर्गात आहे. महाकवी कालिदासाने हा प्रवास त्याच्या 'रघुवंश' या महाकाव्याच्या 13 व्या सर्गात शब्दबद्ध केला आहे.
942 _cBK
_2ddc
999 _c370191
_d370191